000 01061nam a22003017a 4500
001 BR8201963
003 BR-BrBNA
005 20230928091305.0
007 ta
008 230509b bl.||||| |||| 00| 0 por d
040 _aBR-BrBNA
_bpor
_cBiblioteca Nacional de Agricultura
041 _a(Por)
072 _aL70
_b5212
090 _ 5212 BR8201963
100 1 _aNovaes, A.P. de
110 1 _aUniversidade Federal Rural do Rio de Janeiro, Itaguai (Brasil)
_0Tese (Mestre Patologia Animal)
_911225
245 1 _aContencao farmacologica de animais domesticos por dardos lancados de arma adaptada [Veterinaria; Equipamento pecuario]
246 1 _a[Pharmacological restraint of domestic animals through darts thrown from adapted weapon [Veterinary; Farm equipment]
260 3 _aItaguai, RJ (Brasil):
_c1981.
300 _a63 p.
500 _a22 illus.; 29 ref.; Summaries (Eng, Por)
650 _aFARMACOLOGIA
650 _aBOVINO
650 _aEQUIPAMENTO PECUARIO
650 _aMEDICAMENTO
909 _a202309
_bLucia
_c55
_dLucia Elande
942 _cBK
999 _c33233
_d33233